Easy first food : make this change enjoyable for your child and you

Bibliographic Details
Main Author: Conti Camilla
Format: Book
Published: India : B.JainPublishing House , 2013
Subjects:

MARC

LEADER 00000cam a2200000 7i4500
001 0000040936
005 20140522.0
008 140522
020 |a 8131911570 
090 0 0 |a 641.300832   |b CON 
100 1 |a Conti Camilla 
245 1 0 |a Easy first food :   |b make this change enjoyable for your child and you   |c Camilla Conti 
260 |a India :   |b B.JainPublishing House ,   |c 2013 
650 0 |a Food... 
999 |a 0001263475   |b Book   |c Adult Collection   |e Cawangan Taman Sri Lambak 
999 |a 0001263476   |b Book   |c Adult Collection   |e Cawangan Bandar Penawar 
999 |a 0001263477   |b Book   |c Adult Collection   |e Cawangan Muar 
999 |a 0001263478   |b Book   |c Adult Collection   |e Cawangan Bandar Tenggara 
999 |a 0001263479   |b Book   |c Adult Collection   |e Cawangan Tangkak 
999 |a 0001263480   |b Book   |c Adult Collection   |e Cawangan Mersing 
999 |a 0001263481   |b Book   |c Adult Collection   |e Cawangan Bukit Gambir 
999 |a 0001263482   |b Book   |c Adult Collection   |e Cawangan Kota Tinggi 
999 |a 0001263483   |b Book   |c Adult Collection   |e Cawangan Segamat 
999 |a 0001281294   |b Book   |c Adult Collection   |e Cawangan Pontian 
999 |a 0001281295   |b Book   |c Adult Collection   |e Cawangan Tmn. Ungku Tun Aminah 
999 |a 0001292464   |b Book   |c Adult Collection   |e Perbadanan Perpustakaan Awam Johor